Batfamily - Statistics

General Stats
  • This quiz has been taken 393 times
    97 since last reset
  • The average score is 15 of 30
Answer Stats
Hint Answer % Correct
Barbara Gordon Oracle
93%
Bruce Wayne Batman
89%
Dick Grayson Nightwing
89%
Damian Wayne Robin
89%
Jason Todd Red Hood
83%
Tim Drake Red Robin
83%
Harleen Quinzel Harley Quinn
79%
Selina Kyle Catwoman
77%
Kate Kane Batwoman
64%
Duke Thomas Signal
61%
Cassandra Cain Orphan
60%
Stephanie Brown Spoiler
59%
Pamela Isley Poison Ivy
57%
Carrie Kelley Robin
55%
Luke Fox Batwing
49%
Terry McGinnis Batman
48%
Helena Bertinelli Huntress
46%
Helena Wayne Huntress
40%
Basil Karlo Clayface
38%
Jarro Robin
34%
Row Harper Bluebird
32%
Jean-Paul Valley Azrael
30%
Renee Montoya The Question
24%
Bette Kane Flamebird
23%
Jace Fox Batman
18%
David Zavimbe Batwing
17%
Minhkhoa Khan Ghost-Maker
17%
Claire Clover Gotham Girl
17%
Henry Clover Jr Gotham
16%
Katrina Netz Batwoman
14%
No matching quizzes found
Score Distribution
Percent of People with Each Score
Percentile by Number Answered
Your Score History
You have not taken this quiz since the last reset